| 000 | 00465nam a2200181Ia 4500 | ||
|---|---|---|---|
| 008 | 260120s2018 xx 000 0 und d | ||
| 020 | _a81-85-009-05-7 | ||
| 041 | _aeng | ||
| 082 | _a621/ROY | ||
| 100 | _aROY K.P. | ||
| 245 | _aELEMENTS OF MECHANICAL ENGINEERING | ||
| 250 | _a7th | ||
| 260 |
_bMEDIA PROMOTERS & PUBLISHERS PVT. _c2018 |
||
| 300 | _a531p | ||
| 650 | _aMECHANICAL ENGINEERING | ||
| 700 | _aHAJARA CHOUDHURY S.K. | ||
| 700 | _aROY NIRJHAR | ||
| 999 |
_c1215059 _d1215059 |
||